00629nam a2200169Ia 4500001001000000003000500010008004100015010001100056040000900067082002300076110008400099245017500183260003800358300000600396500004200402650001500444Para_5075CHAP220125s1988 xx 000 0 und d a203582 cCHAP aPA 632.95 C66 1988 aMéxico. Dirección General de Sanidad y Protección Agropecuaria y Forestal aManual de agroquímicos químico-farmacéuticos, alimenticios y biológicos veterinarios /c por Dirección General de Sanidad y Protección Agropecuaria y Forestal aMéxico, D.F. :b La Dirección av aLa biblioteca tiene: v. 1 plaguicidas aPesticidas